NBA - The Only Person to Do It - Statistics

General Stats
  • This quiz has been taken 52,839 times
  • The average score is 13 of 20
Answer Stats
The only player in history to ... Answer % Correct
Win six NBA finals MVPs Michael Jordan
98%
Win an NBA finals MVP with three different teams Lebron James
96%
Score 100 points in a single game Wilt Chamberlain
95%
Win eleven NBA championships as a player Bill Russell
85%
Play in the All-Star game as a teenager (1998) Kobe Bryant
85%
Appear on the NBA logo Jerry West
81%
Be born in Asia and be drafted #1 Yao Ming
79%
Win six regular-season MVPs Kareem Abdul-Jabbar
74%
Record a rap album which sold more than 1 million copies Shaquille O'Neal
73%
Score 37 points in one quarter Klay Thompson
68%
Win an MVP with a listed height of 6'0" or shorter Allen Iverson
67%
Win eleven NBA championships as a coach Phil Jackson
67%
Play in four decades (1990s, 2000s, 2010s, and 2020s) Vince Carter
61%
Win four Olympic gold medals Kevin Durant
57%
Lead a non-U.S. team to an Olympic gold medal, 1992–present Manu Ginobili
40%
Be shorter than 6'7" and lead the league in rebounds Charles Barkley
38%
Kill a lion with a spear *allegedly Manute Bol
38%
Kiss Magic Johnson on the cheek while on the court Isiah Thomas
32%
Star in a movie with Denzel Washington Ray Allen
24%
Serve in the U.S. Senate (New Jersey, 1979–1997) Bill Bradley
10%
No matching quizzes found
Score Distribution
Percent of People with Each Score
Percentile by Number Answered
Your Score History
You have not taken this quiz